Report on family living survey among industrial workers : Chhindware (Record no. 498989)

000 -LEADER
fixed length control field 00498cam a22000977a 4500
008 - FIXED-LENGTH DATA ELEMENTS--GENERAL INFORMATION
fixed length control field 180718b1975 xxu||||| |||| 00| 0 eng d
082 ## - DEWEY DECIMAL CLASSIFICATION NUMBER
Classification number XA94x54 In2/ch
245 ## - TITLE STATEMENT
Title Report on family living survey among industrial workers : Chhindware
Statement of responsibility, etc. by Department of Labour And Employment, Ministry Of Labour, Employment and rehabiliation
260 ## - PUBLICATION, DISTRIBUTION, ETC.
Place of publication, distribution, etc. Varanasi
Name of publisher, distributor, etc. The Manager Government of the India Press
Date of publication, distribution, etc. 1975
700 ## - ADDED ENTRY--PERSONAL NAME
Personal name India.Ministry Of Labour, Employment and rehabiliation . Department of Labour And Employment
Holdings
Withdrawn status Lost status Damaged status Not for loan Permanent Location Current Location Date acquired Full call number Barcode Date last seen Price effective from Koha item type
        Indian Institute of Public Administration Indian Institute of Public Administration 2018-08-04 XA94x54 In2/ch GG17391 2018-08-04 2018-08-04 GG

Powered by Koha